Pacific economic outlook 2001-02

Збережено в:
Бібліографічні деталі
Співавтор: Pacific Economic Cooperation Council (Автор)
Формат: Книга
Мова:Англійська
Опубліковано: Vancouver Asia Pacific Foundation of Canada 2001
Предмети:
Теги: Додати тег
Немає тегів, Будьте першим, хто поставить тег для цього запису!

MARC

LEADER 00000nam a2200000 a 4500
001 UCG2561
003 CL-VaPUC
008 100715e20010000CN |||||||||||||||||eng|d
020 |a 0731536436 
082 0 4 |a 330.95  |b PAC  |2 21 
110 2 |a Pacific Economic Cooperation Council  |e author  |9 551032 
245 1 0 |a Pacific economic outlook 2001-02 
300 |a 69 p 
942 |c BK 
945 |d 20100715 00:00:00  |a dcastane 
260 |a Vancouver  |b Asia Pacific Foundation of Canada  |c 2001 
650 0 |a Economía internacional  |9 258254 
650 7 |a BALANZA DE PAGO  |2 CL-VaPUC  |9 338673 
650 0 |a Inflación   |9 257218 
650 7 |a RECESION  |2 CL-VaPUC  |9 409493 
583 |a last modification  |c 20130610 09:13:11  |k Rodrigo Vera 
999 |c 341702  |d 341700 
952 |0 0  |1 0  |4 0  |6 330_950000000000000_PAC_2001  |7 0  |8 A  |9 437367  |a BIBGIM  |b BIBGIM  |d 2019-11-22  |i 4692845  |o 330.95 PAC 2001  |p 4692845  |r 2025-01-15  |w 2019-11-22  |y BK  |k ORI